| 000 | 00669nam a2200217 a 4500 | ||
|---|---|---|---|
| 005 | 20240315063630.0 | ||
| 008 | 991125 mx 000 0 spa u | ||
| 020 | _a8431102373 | ||
| 035 | _aUPN01000017876 | ||
| 049 | _aCG | ||
| 050 | 4 |
_aHV2443 _bM6.48 |
|
| 100 | 1 | _aMorgan, Alain | |
| 245 | 1 | 0 |
_aEducación precoz del niño sordo : _bpara padres y educadores / _cpor Alain Morgan, Paule Aimard, Nathalie Daudet ; tr. Ma. Dolores Suría. |
| 260 |
_aMéxico : _bMasson, |
||
| 300 | _a102 p. | ||
| 650 | 4 |
_aNIÑOS SORDOS _923455 |
|
| 650 | 4 |
_aSordos _xEducación _914832 |
|
| 700 | 1 |
_aAimard, Paule, _ecoaut. |
|
| 700 | 1 |
_aDaudet, Nathalie, _ecoaut. |
|
| 905 | _aLibro | ||
| 999 |
_c17876 _d17876 |
||